La consignacion como mecanismo de liberacion del deudor

Bibliographic Details
Main Author: Cano Hurtado, M® Dolores
Format: Unknown
Language:Spanish
Published: [Madrid] : Dykinson, 2005
Subjects:
Online Access:Acceso restringido

MARC

LEADER 00000ny a22000003n 4500
005 2011052303313.0
008 080617s2005 sp s 000 0 spa c
020 |a 8497725999 
035 |a 1257 
040 |a UMA.RE  |d vLex 
080 |a 347.43(460)(0.034) 
090 |c 173  |d 173 
100 1 |a Cano Hurtado, M® Dolores 
245 1 3 |a La consignacion como mecanismo de liberacion del deudor  |h [Recurso electrn̤ico]  |c M® Dolores Cano Hurtado 
256 |a Servicio en ln̕ea 
260 |a [Madrid] :  |b Dykinson,  |c 2005 
506 1 |a Contenido solo disponible en los productos indicados  |d vLex Global  |d vLex Global (Academic Edition, excluding Law Schools)  |d vLex Global (U.S. Academic Edition, Law Schools)  |d vLex Global (U.S. Academic Edition, excluding Law Schools)  |d vLex Global (Academic Edition, Law Schools) 
650 0 7 |a Consignacin̤  |2 Tesauro vLex 
650 0 7 |a Civil  |2 Tesauro vLex 
650 0 7 |a Consignacin̤ judicial  |2 Tesauro vLex 
650 0 7 |a Consignacin̤ judicial liberatoria  |2 Tesauro vLex 
740 0 |a vLex Libros (Servicios en ln̕ea) 
856 4 0 |u http://vlex.com/source/1257  |z Acceso restringido 
942 |c BOOK 
999 0 |a Civil Law   |b Madrid